| 000 | 01514cad a2200301 4500 | ||
|---|---|---|---|
| 001 | L156207 | ||
| 002 | 19176 | ||
| 008 | 120508s2012 xxk f 000 0 eng u | ||
| 020 | _a9781842197790 | ||
| 035 | _a(Sirsi) u156207 | ||
| 041 | 0 | _aeng | |
| 050 | 0 | 4 | _a346.410434 $2 18 |
| 110 | 2 |
_aRoyal Institution of Chartered Surveyors _94900 |
|
| 245 | 0 | 0 |
_aDilapidations _bRICS guidance note _h[electronic resource] |
| 250 | _a6th ed. | ||
| 260 |
_aLondon _bRICS _c2012 |
||
| 300 |
_avi, 37p. _c30cm. |
||
| 350 | _a30 | ||
| 490 | 0 | _aRICS Guidance Note | |
| 520 | _aThe sixth edition of this RICS guidance note provide practical guidance to RICS members when instructed in connection with dilapidations matters in England and Wales. This is particularly relevant to practitioners in view of the recent adoption of a formal pre-action protocol under the Civil Procedure Rules (CPR). Considers: dilapidations claims at the end of the term;dilapidations claims during the term forfeiture situations; entry to repair situations; break clause situations; and dilapidations claims by tenants against landlords | ||
| 520 | _aSupersedes fifth edition (ISBN 9781842194034). | ||
| 520 | _aSuperseded by 7th ed (ISBN 9781783211685) | ||
| 590 | _aKA NTK | ||
| 651 | 4 |
_aEngland and Wales _y1543- |
|
| 690 |
_aDilapidations _96235 |
||
| 856 | 4 | 1 |
_uhttps://www.rics.org/Documents/Dilapidations_6th_edition_PGguidance_2012.pdf _zView the guidance free of charge (member-only content) at www.rics.org/guidance... |
| 942 | _n0 | ||
| 999 |
_c114099 _d114099 |
||